Yüklüyor......

Controversies in contemperory Islam

Detaylı Bibliyografya
Yazar: Leaman, Oliver
Materyal Türü: Printed Book
Baskı/Yayın Bilgisi: Routledge, London 2014
Konular:
LEADER 00421nam a2200157 4500
082
100 |a Leaman, Oliver 
245 |a Controversies in contemperory Islam  |c Leaman, Oliver 
250
260 |a Routledge, London  |c 2014 
300
490
650 |a Islam--Education--research--related topics 
942 |c BK 
999 |c 192260  |d 192260 
952 |0 0  |1 0  |4 0  |7 0  |9 205609  |a ISL  |b ISL  |l 0  |p ISL05903  |r 2019-10-28  |w 2019-10-28  |y BK